Alle Pokémon mit "B" - Statistiken

Allgemein
  • Dieses Quiz wurde 627 mal gespielt
  • Das Durchschnittsergebnis liegt bei 23 aus 42
Antwortstatistiken
Gen. # Antwort % Korrekt
1 003 Bisaflor
99%
1 002 Bisaknosp
99%
1 001 Bisasam
99%
1 015 Bibor
95%
4 400 Bidifas
78%
4 399 Bidiza
78%
4 418 Bamelin
73%
1 135 Blitza
71%
4 419 Bojelin
70%
4 412 Burmy
70%
4 413 Burmadame
67%
1 048 Bluzuk
64%
7 722 Bauz
61%
2 182 Blubella
60%
3 373 Brutalanda
59%
5 641 Boreos
57%
3 274 Blanas
56%
3 349 Barschwa
55%
4 411 Bollterus
55%
2 225 Botogel
54%
3 287 Bummelz
54%
2 211 Baldorfish
48%
4 436 Bronzel
46%
4 437 Bronzong
46%
6 652 Brigaron
45%
5 550 Barschuft
43%
8 871 Britzigel
42%
8 836 Bellektro
41%
5 537 Branawarz
40%
5 626 Bisofank
39%
3 354 Banette
38%
7 743 Bandelby
37%
8 859 Bähmon
36%
6 696 Balgoras
35%
5 508 Bissbark
35%
6 688 Bithora
35%
7 755 Bubungus
35%
8 862 Barrikadax
34%
8 856 Brimova
33%
5 526 Brockoloss
33%
8 847 Barrakiefa
32%
8 857 Brimano
28%
Keine übereinstimmenden Quizze gefunden
Verteilung der Resultate
Anzahl Personen mit jedem Resultat
Perzentil nach korrekt beantworteten Fragen
Ihre Resultats-Entwicklung
Sie haben dieses Quiz noch nicht gespielt